| 000 | nam a22 7a 4500 | ||
|---|---|---|---|
| 999 |
_c1636 _d1636 |
||
| 005 | 20170511111108.0 | ||
| 008 | 170511b1983 - ||||| |||| 00| 0 eng d | ||
| 020 | _a0070596670 | ||
| 040 | _aAKMAL | ||
| 082 | _a330 BRO | ||
| 090 |
_a330 _bBRO |
||
| 245 | 0 | 0 |
_aPaul Samuelson and modern economic theory. _cedited by E. Cary Brown, Robert M. Solow |
| 260 |
_aN.Y. : _bMcGraw-Hill, _c 1983 |
||
| 300 |
_axiii, 210 p. ; _c25cm |
||
| 504 | _aIncludes bibliographies. | ||
| 650 | 0 |
_aEconomics. _93229 |
|
| 700 | 1 |
_aBrown, E Cary. _eEd. _93331 |
|
| 852 |
_aBritish Library _bDSC |
||
| 942 |
_2ddc _cBOOK |
||